[Event "Tournament 14459 - Europe Echecs"]
[Site "Europe Echecs"]
[Date "2020.07.07"]
[Round "3"]
[Time "15:11:54"]
[PlyCount "95"]
[White "DresensClement"]
[Black "AymericElijah"]
[WhiteElo "1220"]
[BlackElo "1450"]
[Mode "WEB"]
[Result "0-1"]

1. e4 e5 2. Nf3 Nc6 3. Bc4 Nf6 4. Nc3 Bc5 5. O-O O-O 6. d3 h6 7. h3 d6 8. b3 a6
9. Nd5 Nxd5 10. Bxd5 Nd4 11. Nxd4 Bxd4 12. Rb1 c6 13. Bc4 b5 14. Bxf7+ Rxf7 15.
Bb2 Bxb2 16. Rxb2 Qg5 17. c4 Bxh3 18. g3 Bxf1 19. Qxf1 bxc4 20. bxc4 Qd8 21. Qh3
Rb8 22. Rxb8 Qxb8 23. Qe6 Qf8 24. a4 Kh8 25. Qg6 Rxf2 26. c5 dxc5 27. Qxc6 Rf1+
28. Kg2 Qf2+ 29. Kh3 Rh1+ 30. Kg4 h5+ 31. Kg5 Qxg3+ 32. Kf5 Rf1+ 33. Ke6 Qg6+
34. Kd5 Rf6 35. Qxc5 Qf7+ 36. Kxe5 Rf5+ 37. Kd4 Rxc5 38. Kxc5 h4 39. Kb6 h3 40.
Kxa6 h2 41. Kb6 h1=Q 42. a5 Qf6+ 43. Kb7 Qb1+ 44. Kc7 Qc2+ 45. Kb7 Qfc6+ 46. Ka7
Qc7+ 47. Ka6 Q2c6# {DresensClement est échec et mat} 0-1

[Event "Tournament 14459 - Europe Echecs"]
[Site "Europe Echecs"]
[Date "2020.07.07"]
[Round "3"]
[Time "15:11:54"]
[PlyCount "62"]
[White "AboulasseSaad"]
[Black "HeemAlice"]
[WhiteElo "1448"]
[BlackElo "1203"]
[Mode "WEB"]
[Result "1-0"]

1. d4 Nf6 2. c4 g6 3. Nc3 Bg7 4. Bg5 d6 5. e3 Nbd7 6. Nf3 O-O 7. Be2 e5 8. O-O
e4 9. Nxe4 h6 10. Nxf6+ Nxf6 11. Bh4 Bg4 12. h3 Bf5 13. Bd3 Bxd3 14. Qxd3 Qd7
15. Rac1 Qa4 16. b3 Qxa2 17. Ra1 Qb2 18. Rfb1 Qxb1+ 19. Qxb1 Nh5 20. Qd3 c5 21.
Re1 cxd4 22. exd4 Nf4 23. Qe4 Nh5 24. Qxb7 Rfb8 25. Qd5 Rxb3 26. Qxa8+ Kh7 27.
Qd5 Rd3 28. Qxf7 a5 29. g4 Nf6 30. Bxf6 Rxf3 31. Qxg7# {HeemAlice est échec et mat} 1-0

[Event "Tournament 14459 - Europe Echecs"]
[Site "Europe Echecs"]
[Date "2020.07.07"]
[Round "3"]
[Time "15:11:54"]
[PlyCount "153"]
[White "LetellierLouis"]
[Black "SabapatheeFlor"]
[WhiteElo "1203"]
[BlackElo "1444"]
[Mode "WEB"]
[Result "0-1"]

1. d4 Nf6 2. c4 g6 3. Nc3 d5 4. cxd5 Nxd5 5. Nf3 Bg7 6. Bg5 c5 7. e4 Nxc3 8.
bxc3 Bg4 9. h3 Bxf3 10. Qxf3 cxd4 11. Bb5+ Nc6 12. Bxc6+ bxc6 13. e5 dxc3 14.
Qxc6+ Kf8 15. Qxc3 Rc8 16. Qb2 Qa5+ 17. Bd2 Qxe5+ 18. Qxe5 Bxe5 19. Rc1 Kg7 20.
O-O Rhd8 21. Be3 a6 22. g3 Rb8 23. Rc6 Rd3 24. Kg2 Rb2 25. Kf3 Rxa2 26. Ke4 Rd6
27. Rxd6 Bxd6 28. Kd5 Ra5+ 29. Kc4 Ra4+ 30. Kb3 Ra3+ 31. Kb2 Rd3 32. Kc2 Rd5 33.
Ra1 a5 34. Bd2 Bb4 35. Bxb4 axb4 36. Kb3 Rd2 37. Rf1 Rd4 38. Re1 e6 39. f3 Rd3+
40. Kxb4 Rxf3 41. Rg1 h5 42. Kc4 Kf6 43. Kd4 Kf5 44. g4+ hxg4 45. hxg4+ Kg5 46.
Ke4 Rf4+ 47. Ke3 Rxg4 48. Rf1 f5 49. Kd3 e5 50. Re1 e4+ 51. Ke3 Rg3+ 52. Kf2
Rf3+ 53. Kg2 Ra3 54. Kh2 e3 55. Kg3 e2+ 56. Kg2 Ra2 57. Kf2 Kf4 58. Rg1 g5 59.
Rb1 g4 60. Rb4+ Kg5 61. Rb1 f4 62. Rb5+ Kh4 63. Rb8 g3+ 64. Ke1 Kg4 65. Rg8+ Kf3
66. Rf8 Ra1+ 67. Kd2 e1=Q+ 68. Kd3 Ra3+ 69. Kc4 Qe4+ 70. Kb5 Rb3+ 71. Kc5 Qe5+
72. Kc6 Rc3+ 73. Kb6 Qd6+ 74. Kb7 Qxf8 75. Kb6 Qb8+ 76. Ka5 Ra3# {LetellierLouis est échec et mat} 0-1

[Event "Tournament 14459 - Europe Echecs"]
[Site "Europe Echecs"]
[Date "2020.07.07"]
[Round "3"]
[Time "15:11:54"]
[PlyCount "60"]
[White "AlfanoEmilie"]
[Black "VossZachary"]
[WhiteElo "1407"]
[BlackElo "1196"]
[Mode "WEB"]
[Result "1-0"]

1. e4 c5 2. Nf3 Nc6 3. Bb5 a6 4. Bxc6 bxc6 5. O-O d6 6. d3 Nf6 7. Be3 g6 8. Nc3
Bg7 9. Qd2 O-O 10. Rad1 Bg4 11. Qe2 Bd7 12. h3 Rb8 13. Rb1 e6 14. e5 Nd5 15.
Nxd5 cxd5 16. exd6 Rc8 17. c3 Qb6 18. Bf4 f6 19. d4 cxd4 20. cxd4 Rfe8 21. Rfc1
Rxc1+ 22. Rxc1 Bb5 23. Qd2 e5 24. dxe5 fxe5 25. Qxd5+ Kh8 26. Bxe5 Bxe5 27. Nxe5
Rf8 28. Nf7+ Kg7 29. Rc7 Be8 30. Ng5+ {VossZachary a abandonné} 1-0

[Event "Tournament 14459 - Europe Echecs"]
[Site "Europe Echecs"]
[Date "2020.07.07"]
[Round "3"]
[Time "15:11:54"]
[PlyCount "93"]
[White "FischlerInes"]
[Black "YastrebovAndre"]
[WhiteElo "1129"]
[BlackElo "1370"]
[Mode "WEB"]
[Result "0-1"]

1. e4 c5 2. Nf3 d6 3. Bb5+ Bd7 4. Bxd7+ Qxd7 5. Nc3 Nf6 6. d3 Nc6 7. O-O g6 8.
Bg5 Bg7 9. Qd2 O-O 10. Bh6 Rac8 11. Rfe1 Qc7 12. Re2 a6 13. h3 Nd4 14. Nxd4 cxd4
15. Nd1 e5 16. Bxg7 Kxg7 17. f3 Qb6 18. b3 a5 19. Nb2 Qc5 20. Nc4 b6 21. Rc1 Rc6
22. Rf2 Qb4 23. Qxb4 axb4 24. Kf1 b5 25. Nd2 Ra8 26. Ke1 Rxa2 27. Nf1 Ra3 28.
Kd1 Nd7 29. Ng3 Nc5 30. Nf1 Ra2 31. Rd2 Ra8 32. g4 Rac8 33. Rb1 Ra6 34. Rb2 Ra1+
35. Ke2 Rca8 36. Ng3 Rg1 37. Kf2 Rga1 38. Ke2 Ne6 39. Kf2 Nf4 40. h4 Rc1 41. Ne2
Nxe2 42. Kxe2 Raa1 43. Kf2 Rh1 44. h5 Rh2+ 45. Kg3 Rxd2 46. hxg6 hxg6 {FischlerInes a abandonné} 0-1

[Event "Tournament 14459 - Europe Echecs"]
[Site "Europe Echecs"]
[Date "2020.07.07"]
[Round "3"]
[Time "15:11:54"]
[PlyCount "86"]
[White "SayahHobonNoah"]
[Black "DevezeLeopold"]
[WhiteElo "1364"]
[BlackElo "1180"]
[Mode "WEB"]
[Result "1-0"]

1. e4 e5 2. Nf3 Nc6 3. Bc4 h6 4. O-O Nf6 5. d3 Bc5 6. Nc3 d6 7. Nd5 Be6 8. Nxf6+
Qxf6 9. Bb3 Bxb3 10. axb3 O-O 11. Be3 Bd4 12. Bxd4 Nxd4 13. Nxd4 exd4 14. f4 Qe7
15. Qf3 c5 16. Rfe1 b6 17. Re2 Rfe8 18. Rae1 Rac8 19. e5 Kh8 20. exd6 Qd7 21.
Rxe8+ Rxe8 22. Rxe8+ Qxe8 23. Kf2 Qe6 24. Qa8+ Kh7 25. Qe4+ g6 26. Qxe6 fxe6 27.
d7 Kg7 28. d8=Q Kh7 29. Qe7+ Kh8 30. Qxa7 Kg8 31. Qxb6 Kh7 32. Qxc5 Kh8 33.
Qxd4+ Kh7 34. Qf6 g5 35. fxg5 hxg5 36. b4 g4 37. b5 g3+ 38. hxg3 e5 39. b6 e4
40. b7 e3+ 41. Kxe3 Kg8 42. b8=Q+ Kh7 43. Qbh8# {DevezeLeopold est échec et mat} 1-0

[Event "Tournament 14459 - Europe Echecs"]
[Site "Europe Echecs"]
[Date "2020.07.07"]
[Round "3"]
[Time "15:11:54"]
[PlyCount "111"]
[White "GalimovIskanda"]
[Black "PonLeBrunGrego"]
[WhiteElo "1358"]
[BlackElo "1145"]
[Mode "WEB"]
[Result "0-1"]

1. e4 e5 2. Nf3 Nc6 3. d4 exd4 4. c3 Nf6 5. e5 Ng4 6. cxd4 d5 7. Bb5 Bb4+ 8. Bd2
Bxd2+ 9. Nbxd2 Bd7 10. Rc1 a6 11. Ba4 O-O 12. O-O Nh6 13. Bb3 Be6 14. Re1 Nf5
15. Nf1 Qb8 16. a3 Qa7 17. Ba2 Nfxd4 18. Nxd4 Nxd4 19. Rxc7 Nc6 20. Qb3 d4 21.
Qxb7 Qxb7 22. Rxb7 Bxa2 23. b3 Rfb8 24. Rc7 Nd8 25. Rd7 Ne6 26. b4 Bc4 27. Nd2
Bb5 28. Rd6 Rd8 29. Rxd8+ Rxd8 30. Rc1 Nf4 31. Kh1 Ne2 32. Re1 Rd5 33. Nf3 d3
34. Rd1 Nd4 35. Rc1 h6 36. Nd2 Nc2 37. f4 Rd4 38. g3 Nxa3 39. Nb3 Rxb4 40. Nc5
Rb1 41. Rxb1 Nxb1 42. Nb3 d2 43. Nxd2 Nxd2 44. Kg2 a5 45. Kf2 a4 46. Ke1 a3 47.
Kxd2 a2 48. Kc1 a1=Q+ 49. Kc2 Bc4 50. Kd2 Qd4+ 51. Kc2 Qd3+ 52. Kb2 Qd2+ 53. Ka3
Qc3+ 54. Ka4 Qb3+ 55. Ka5 Qb5# {GalimovIskanda est échec et mat} 0-1

[Event "Tournament 14459 - Europe Echecs"]
[Site "Europe Echecs"]
[Date "2020.07.07"]
[Round "3"]
[Time "15:11:54"]
[PlyCount "133"]
[White "ThibousMael"]
[Black "BronnyGermain"]
[WhiteElo "1094"]
[BlackElo "1354"]
[Mode "WEB"]
[Result "0-1"]

1. d4 d5 2. c4 e6 3. Nc3 Nf6 4. Nf3 c5 5. e3 cxd4 6. exd4 dxc4 7. Bxc4 Nc6 8.
Be3 Be7 9. O-O O-O 10. d5 exd5 11. Bxd5 Nxd5 12. Qxd5 Be6 13. Qd1 Qxd1 14. Rfxd1
Rfd8 15. a3 Rxd1+ 16. Rxd1 Rd8 17. Rxd8+ Bxd8 18. Kf1 Kf8 19. Ke2 Ke7 20. Bg5+
f6 21. Bf4 Bc4+ 22. Ke3 Bb6+ 23. Kd2 Bxf2 24. Ne4 Bb6 25. g4 Bd5 26. Kd3 Bxe4+
27. Kxe4 Ke6 28. Be3 Bxe3 29. Kxe3 Kd5 30. g5 fxg5 31. Nxg5 h6 32. Nf3 Ne5 33.
Nxe5 Kxe5 34. h3 g5 35. b4 b5 36. Kf3 Kf5 37. Ke3 g4 38. hxg4+ Kxg4 39. Kf2 h5
40. Kg2 h4 41. Kf2 h3 42. Kf1 h2 43. Kg2 Kf4 44. Kxh2 Ke3 45. Kg3 Kd3 46. Kf4
Kc3 47. Ke5 Kb3 48. Kd5 Kxa3 49. Kc5 a6 50. Kd4 Kxb4 51. Kd3 a5 52. Kc2 a4 53.
Kb2 Kc4 54. Ka3 b4+ 55. Kb2 a3+ 56. Kc2 b3+ 57. Kb1 Kc3 58. Ka1 Kd2 59. Kb1 b2
60. Ka2 Kc2 61. Kxa3 b1=Q 62. Ka4 Kc3 63. Ka5 Kc4 64. Ka6 Kc5 65. Ka7 Kc6 66.
Ka8 Qb7# {ThibousMael est échec et mat} 0-1

[Event "Tournament 14459 - Europe Echecs"]
[Site "Europe Echecs"]
[Date "2020.07.07"]
[Round "3"]
[Time "15:11:54"]
[PlyCount "32"]
[White "SamouelianSola"]
[Black "RachidNatalia"]
[WhiteElo "1349"]
[BlackElo "1131"]
[Mode "WEB"]
[Result "1-0"]

1. e4 e5 2. Nf3 Nc6 3. Bc4 Bc5 4. d3 Nf6 5. Nc3 O-O 6. Bg5 h6 7. Bh4 d6 8. Qb1
Nd4 9. Qc1 c6 10. b4 Bxb4 11. Qd2 Nxf3+ 12. gxf3 b5 13. Bb3 a5 14. Rg1 a4 15.
Qxh6 g6 16. Rxg6# {RachidNatalia est échec et mat} 1-0

[Event "Tournament 14459 - Europe Echecs"]
[Site "Europe Echecs"]
[Date "2020.07.07"]
[Round "3"]
[Time "15:11:54"]
[PlyCount "82"]
[White "LefrancoisJean"]
[Black "CastagnerolCer"]
[WhiteElo "1038"]
[BlackElo "1332"]
[Mode "WEB"]
[Result "1-0"]

1. d4 d5 2. Nc3 Nf6 3. Bf4 e6 4. e3 Bd6 5. Bg3 Nc6 6. Bd3 O-O 7. Nf3 b6 8. Ne5
Bb7 9. Bb5 Nxe5 10. dxe5 Bxe5 11. Bxe5 c6 12. Bd3 c5 13. Qf3 Nd7 14. Bd6 Re8 15.
Qh3 h6 16. Bb5 a6 17. Bxd7 Qxd7 18. Bg3 d4 19. exd4 cxd4 20. Ne2 Qc6 21. Nxd4
Qe4+ 22. Ne2 Qxc2 23. Rd1 Red8 24. Nd4 Qxb2 25. Be5 Qxa2 26. O-O Qd5 27. Qg3 f6
28. Bxf6 Rd7 29. f3 Qc5 30. Kh1 Kh8 31. Nxe6 Qc6 32. Bxg7+ Kh7 33. Rxd7 Qxd7 34.
Nf8+ Kg8 35. Nxd7 Kf7 36. Qc7 Kxg7 37. Qxb7 Rh8 38. Ne5+ Kf6 39. Ng4+ Kg6 40.
Qxb6+ Kf5 41. Qf6# {CastagnerolCer est échec et mat} 1-0

[Event "Tournament 14459 - Europe Echecs"]
[Site "Europe Echecs"]
[Date "2020.07.07"]
[Round "3"]
[Time "15:11:54"]
[PlyCount "123"]
[White "DetrazLorna"]
[Black "QuenehenNassim"]
[WhiteElo "1032"]
[BlackElo "1322"]
[Mode "WEB"]
[Result "0-1"]

1. b4 e5 2. Bb2 d6 3. e3 Nf6 4. Nf3 Be6 5. c4 Be7 6. d4 exd4 7. exd4 d5 8. cxd5
Nxd5 9. a3 a5 10. Bc4 axb4 11. O-O bxa3 12. Nxa3 O-O 13. Qd3 Nb4 14. Qb3 Bxc4
15. Qxc4 N8c6 16. Rfd1 Qd5 17. Qb5 Qxb5 18. Nxb5 Nd5 19. Ne5 Nxe5 20. dxe5 c6
21. Nd6 Rab8 22. Ba3 h6 23. Rdb1 b6 24. Rb3 Rfd8 25. Rd1 Bxd6 26. exd6 Rd7 27.
Rbd3 b5 28. Rc1 b4 29. Bb2 Rb6 30. f3 Rxd6 31. Kf2 Re6 32. Bd4 Ra6 33. Ra1 Rxa1
34. Bxa1 Kh7 35. g4 f6 36. Kg3 g5 37. h4 Kg6 38. h5+ Kf7 39. Bb2 Re3 40. Rxe3
Nxe3 41. Kf2 Nd1+ 42. Ke2 Nxb2 43. Kd2 c5 44. Kc2 Na4 45. Kb3 Nb6 46. Kc2 c4 47.
Kb2 Nd5 48. Kc2 b3+ 49. Kd2 c3+ 50. Kc1 Ne3 51. Kb1 c2+ 52. Kc1 Ke6 53. Kb2 Kd5
54. Kc1 Kc4 55. Kd2 b2 56. Kxe3 c1=Q+ 57. Ke4 Qe1+ 58. Kf5 b1=Q+ 59. Kxf6 Qb6+
60. Kg7 Qe7+ 61. Kg8 Qb8# {DetrazLorna est échec et mat} 0-1

[Event "Tournament 14459 - Europe Echecs"]
[Site "Europe Echecs"]
[Date "2020.07.07"]
[Round "3"]
[Time "15:11:54"]
[PlyCount "141"]
[White "LamorelleAlexe"]
[Black "DabremontGuill"]
[WhiteElo "1009"]
[BlackElo "1311"]
[Mode "WEB"]
[Result "0-1"]

1. e4 e5 2. Nf3 Nc6 3. Nc3 Nf6 4. Bb5 Bc5 5. d3 Ng4 6. O-O Nd4 7. Nxd4 exd4 8.
Na4 Nxh2 9. Nxc5 Nxf1 10. Kxf1 O-O 11. Nb3 Qh4 12. Kg1 d6 13. Nxd4 Bg4 14. Nf3
Bxf3 15. Qxf3 c6 16. Bc4 Rae8 17. Bf4 b5 18. Bb3 Qf6 19. c3 a5 20. a4 bxa4 21.
Rxa4 d5 22. Rxa5 dxe4 23. dxe4 Re7 24. Rf5 Qg6 25. Bg3 Rfe8 26. Bxf7+ Rxf7 27.
Rxf7 Qxf7 28. Qxf7+ Kxf7 29. Kf1 Rxe4 30. f3 Rc4 31. Ke2 Ke6 32. Kd3 Kd5 33. b3
Rc5 34. c4+ Ke6 35. b4 Rf5 36. b5 cxb5 37. cxb5 Rxb5 38. Bf2 Rg5 39. f4 Rxg2 40.
Bd4 Rg3+ 41. Ke4 Rg4 42. Kf3 Rg6 43. f5+ Kxf5 44. Ke3 Re6+ 45. Kf3 g5 46. Kg3 h5
47. Bf2 h4+ 48. Kh3 Rh6 49. Kh2 g4 50. Kg1 g3 51. Be1 Rg6 52. Kg2 Kg4 53. Bd2
h3+ 54. Kh1 Rf6 55. Bf4 Rxf4 56. Kg1 h2+ 57. Kg2 Rf2+ 58. Kh1 Rf1+ 59. Kg2 Rf3
60. Kh1 Ra3 61. Kg2 Ra2+ 62. Kh1 g2+ 63. Kxh2 Kf3 64. Kg1 Ra1+ 65. Kh2 Kf2 66.
Kh3 g1=Q 67. Kh4 Qh1+ 68. Kg4 Qf3+ 69. Kg5 Rg1+ 70. Kh6 Qh1# {LamorelleAlexe est échec et mat} 0-1

[Event "Tournament 14459 - Europe Echecs"]
[Site "Europe Echecs"]
[Date "2020.07.07"]
[Round "3"]
[Time "15:11:54"]
[PlyCount "155"]
[White "AllardNedellec"]
[Black "NeyAlexandreYl"]
[WhiteElo "1292"]
[BlackElo "1115"]
[Mode "WEB"]
[Result "1/2-1/2"]

1. e4 e5 2. Nf3 Nc6 3. Nc3 Nf6 4. Bb5 d6 5. d4 Bd7 6. dxe5 dxe5 7. Bxc6 Bxc6 8.
Qxd8+ Rxd8 9. Nxe5 Bxe4 10. Nxe4 Nxe4 11. Be3 Bd6 12. Nf3 O-O 13. O-O b5 14.
Bxa7 c5 15. Bb6 Ra8 16. Rfe1 Nf6 17. b4 cxb4 18. Bd4 Rac8 19. Bxf6 gxf6 20. Nd4
Be5 21. Nxb5 Bxa1 22. Rxa1 Rxc2 23. Nd4 Rc4 24. Nb3 Re8 25. g3 Re7 26. Kg2 Re2
27. a4 Rcc2 28. Rf1 Ra2 29. Nd4 Red2 30. Nb3 Rdb2 31. Nc5 b3 32. Nd3 Rc2 33. Nb4
Rcb2 34. Nxa2 Rxa2 35. Rb1 b2 36. a5 Kf8 37. a6 Rxa6 38. Rxb2 Kg7 39. Rb4 Ra5
40. g4 h5 41. h3 hxg4 42. hxg4 Rg5 43. Kg3 f5 44. f3 fxg4 45. fxg4 Kg6 46. Kh4
Re5 47. Rb8 f6 48. Rg8+ Kf7 49. Rd8 Re4 50. Rd7+ Kg6 51. Rd6 Kf7 52. Kh5 Re2 53.
Rd7+ Ke6 54. Rd8 Ke7 55. Rd4 Kf7 56. Rd7+ Ke6 57. Ra7 Rh2+ 58. Kg6 Rg2 59. Ra4
f5 60. g5 Rg4 61. Ra5 f4 62. Rf5 Ke7 63. Kg7 Ke6 64. Rf6+ Ke5 65. g6 Ke4 66. Kf7
f3 67. g7 Ke3 68. g8=Q Rxg8 69. Kxg8 f2 70. Re6+ Kf3 71. Kg7 Kg2 72. Rg6+ Kf1
73. Kh6 Ke2 74. Re6+ Kf3 75. Kg5 Kg2 76. Re2 Kg1 77. Rxf2 Kxf2 {Aucun joueur n'a le mat&eacute;riel pour mater} 1/2-1/2

[Event "Tournament 14459 - Europe Echecs"]
[Site "Europe Echecs"]
[Date "2020.07.07"]
[Round "3"]
[Time "15:11:54"]
[PlyCount "51"]
[White "StrieviLeonie"]
[Black "BourloisMael"]
[WhiteElo "1280"]
[BlackElo "1113"]
[Mode "WEB"]
[Result "0-1"]

1. e4 e5 2. Nf3 Nc6 3. Bc4 Bc5 4. Nc3 Nf6 5. d3 d6 6. Bg5 O-O 7. Nd5 Kh8 8. Nxf6
gxf6 9. Bh6 Rg8 10. Rg1 f5 11. Bxf7 Rg4 12. h3 Rf4 13. g3 Rxf3 14. Qxf3 Qf6 15.
Qh5 fxe4 16. Bg5 Qxf2+ 17. Kd1 Qxg1+ 18. Kd2 e3+ 19. Kc3 Bb4+ 20. Kc4 b5+ 21.
Kxb5 Nd4+ 22. Kxb4 Rb8+ 23. Kc4 Ba6+ 24. Kd5 Qg2+ 25. Qf3 Qxf3# {StrieviLeonie est échec et mat} 0-1

[Event "Tournament 14459 - Europe Echecs"]
[Site "Europe Echecs"]
[Date "2020.07.07"]
[Round "3"]
[Time "15:11:54"]
[PlyCount "80"]
[White "CharrierShayan"]
[Black "RoganovaMaxime"]
[WhiteElo "1260"]
[BlackElo "1082"]
[Mode "WEB"]
[Result "1-0"]

1. d4 c5 2. c3 cxd4 3. cxd4 Nc6 4. Nf3 d5 5. Bf4 Bg4 6. e3 e6 7. h3 Bh5 8. Bb5
Bb4+ 9. Nc3 Nf6 10. g4 Bg6 11. Ne5 Rc8 12. Qa4 Bxc3+ 13. bxc3 Qb6 14. Nxc6 bxc6
15. Ba6 Rb8 16. Bxb8 Qxb8 17. Qxc6+ Nd7 18. Bb5 Qd8 19. Ke2 Ke7 20. h4 Nb6 21.
h5 Be4 22. f3 Bxf3+ 23. Kxf3 f5 24. Qb7+ Nd7 25. Qxa7 fxg4+ 26. Kxg4 Ke8 27.
Rhf1 h6 28. Rf3 Qg5+ 29. Kh3 Qxh5+ 30. Kg2 Qg4+ 31. Kf2 Qh4+ 32. Ke2 Qh2+ 33.
Kd3 Qd6 34. Bxd7+ Qxd7 35. Qxd7+ Kxd7 36. Rf7+ Ke8 37. Rxg7 h5 38. Rb1 Kf8 39.
Ra7 Kg8 40. Rb8# {RoganovaMaxime est échec et mat} 1-0

[Event "Tournament 14459 - Europe Echecs"]
[Site "Europe Echecs"]
[Date "2020.07.07"]
[Round "3"]
[Time "15:11:54"]
[PlyCount "131"]
[White "LlariMarc"]
[Black "BornhofenValen"]
[WhiteElo "799"]
[BlackElo "1258"]
[Mode "WEB"]
[Result "0-1"]

1. e4 e5 2. Nf3 Nc6 3. Bb5 a6 4. Ba4 Nf6 5. O-O Nxe4 6. Re1 Nc5 7. Bxc6 dxc6 8.
Nxe5 Be7 9. d4 Ne6 10. c3 O-O 11. Be3 Bd6 12. Nd2 Qe7 13. Ndc4 Bd7 14. Qd2 Rfe8
15. Rad1 Rad8 16. f4 Nf8 17. f5 Bxf5 18. Bg5 f6 19. Nxc6 Qd7 20. Nxd8 Rxd8 21.
Nxd6 cxd6 22. Bf4 Ne6 23. d5 Nc5 24. c4 Qc7 25. Qc3 Qb6 26. Qd4 Qc7 27. b4 Nd7
28. c5 Ne5 29. Bxe5 fxe5 30. cxd6 exd4 31. dxc7 Rc8 32. Rxd4 Rxc7 33. d6 Rd7 34.
Re7 Kf8 35. Rf4 Rxd6 36. Rxb7 Rf6 37. b5 axb5 38. Rxb5 Bd7 39. Rxf6+ gxf6 40.
Ra5 Ke7 41. Kf2 Ke6 42. Ke2 Bc6 43. Kd3 Bxg2 44. Ra6+ Kf5 45. a4 Bf1+ 46. Kd4
Bxa6 47. Kc5 Kg4 48. Kb6 Bf1 49. a5 f5 50. a6 Bxa6 51. Kxa6 f4 52. Kb5 f3 53.
Kc4 f2 54. Kd4 f1=Q 55. Ke3 Qf3+ 56. Kd4 Qg2 57. Ke3 Qxh2 58. Kd3 h5 59. Kc3 Qe2
60. Kb3 h4 61. Kc3 h3 62. Kb3 h2 63. Kc3 h1=Q 64. Kb3 Qd5+ 65. Kc3 Qed2# {LlariMarc est échec et mat} 0-1

[Event "Tournament 14459 - Europe Echecs"]
[Site "Europe Echecs"]
[Date "2020.07.07"]
[Round "3"]
[Time "15:11:54"]
[PlyCount "116"]
[White "BernardInes"]
[Black "DemangeTheopha"]
[WhiteElo "1250"]
[BlackElo "799"]
[Mode "WEB"]
[Result "1-0"]

1. e4 e5 2. Nf3 Nc6 3. Nc3 Nf6 4. Bb5 Bb4 5. d3 Bxc3+ 6. bxc3 a6 7. Bxc6 dxc6 8.
Nxe5 Qe7 9. Nf3 O-O 10. O-O Bg4 11. c4 Rad8 12. Rb1 b6 13. Re1 Qd6 14. e5 Qe7
15. exf6 Qxf6 16. Bg5 Bxf3 17. Bxf6 Bxd1 18. Bxd8 Bxc2 19. Rbc1 Bxd3 20. Bxc7 b5
21. cxb5 cxb5 22. Bd6 Rd8 23. Red1 Bc4 24. Be7 Re8 25. Rd8 Rxd8 26. Bxd8 f6 27.
a3 Kf7 28. Bb6 Ke6 29. f3 Kd5 30. Kf2 Kc6 31. Ba5 Kc5 32. Bb4+ Kb6 33. Ke3 a5
34. Bf8 g6 35. Bg7 f5 36. Bd4+ Kc6 37. a4 bxa4 38. Rxc4+ Kb5 39. Kd3 a3 40. Kc3
a2 41. Kd3 a4 42. Rc2 Kb4 43. Rxa2 Kb3 44. Re2 a3 45. Re7 h5 46. Re6 g5 47. Re5
g4 48. Rxf5 gxf3 49. Rxf3 Ka2 50. Rh3 Kb1 51. Rxh5 a2 52. Rb5+ Kc1 53. Kc3 Kd1
54. Ra5 Kc1 55. Rxa2 Kb1 56. Rf2 Ka1 57. Kb3+ Kb1 58. Rf1# {DemangeTheopha est échec et mat} 1-0

[Event "Tournament 14459 - Europe Echecs"]
[Site "Europe Echecs"]
[Date "2020.07.07"]
[Round "3"]
[Time "15:11:54"]
[PlyCount "91"]
[White "NouvelJehan"]
[Black "NegreEmilie"]
[WhiteElo "1104"]
[BlackElo "1438"]
[Mode "WEB"]
[Result "0-1"]

1. e4 e5 2. Nf3 Nc6 3. Bc4 Bc5 4. Nc3 Nf6 5. d3 d6 6. Be3 Bb6 7. Qd2 Be6 8. Bb3
Qd7 9. O-O Bg4 10. Qd1 Nd4 11. Bxd4 Bxd4 12. h3 Bh5 13. Rb1 O-O 14. Nd5 Nxd5 15.
Bxd5 c6 16. Bb3 Rfe8 17. c3 Bb6 18. g4 Bg6 19. Kh2 d5 20. exd5 cxd5 21. Qe1 Bxd3
22. Nxe5 Rxe5 23. Qd2 Bxb1 24. Rxb1 Bc7 25. f4 Re4 26. Rf1 Rae8 27. Qxd5 Qxd5
28. Bxd5 Rxf4 29. Rxf4 Bxf4+ 30. Kg1 Re2 31. Bxb7 Rxb2 32. Bd5 Kf8 33. Kf1 Be3
34. a4 f6 35. Bc6 Rc2 36. Bb5 Rxc3 37. Kg2 Bb6 38. Kh2 Ke7 39. Kg2 Kd6 40. h4
Kc7 41. h5 Kb7 42. Kh2 a6 43. Be8 Rc8 44. Bd7 Rc7 45. Be8 Re7 {NouvelJehan a abandonné} 0-1

[Event "Tournament 14459 - Europe Echecs"]
[Site "Europe Echecs"]
[Date "2020.07.07"]
[Round "3"]
[Time "15:11:54"]
[PlyCount "174"]
[White "NeelLaura"]
[Black "ZylbersztejnDo"]
[WhiteElo "799"]
[BlackElo "1316"]
[Mode "WEB"]
[Result "1-0"]

1. e4 e5 2. Nf3 Nc6 3. d4 exd4 4. Nxd4 Bc5 5. Be3 Qf6 6. c3 Nge7 7. g3 O-O 8.
Bg2 d6 9. O-O Bd7 10. Qd3 Ne5 11. Qc2 Nc4 12. Nd2 Nxe3 13. fxe3 Qg6 14. N2b3 Bb6
15. Rad1 Nc6 16. Kh1 Rfe8 17. Qd3 Ne5 18. Qd2 Bg4 19. Rde1 Bd7 20. Nf3 Nc6 21.
Nfd4 Ne5 22. Nf3 Nc6 23. Nfd4 a6 24. Rf4 Bg4 25. Nxc6 bxc6 26. Nd4 Bd7 27. Ref1
Rf8 28. Nf5 Bxf5 29. Rxf5 Kh8 30. Qf2 f6 31. Rd1 Rad8 32. Rf4 Rfe8 33. a4 Qh6
34. b4 Ba7 35. Qf3 Qg6 36. Bh3 Re5 37. Bg4 Rde8 38. Rf5 Rxf5 39. Bxf5 Qf7 40.
Qe2 d5 41. Qxa6 Bxe3 42. Qxc6 dxe4 43. Bxe4 Qe7 44. Bg2 Bh6 45. Qf3 Rd8 46.
Rxd8+ Qxd8 47. Qa8 Qxa8 48. Bxa8 Be3 49. c4 Ba7 50. Bd5 g5 51. Kg2 Kg7 52. Kf3
Kf8 53. Ke4 Ke7 54. Kf5 Bb6 55. a5 Ba7 56. Bg8 h5 57. Bd5 h4 58. gxh4 gxh4 59.
Kg4 Kd6 60. Kxh4 Ke7 61. Kg4 Kf8 62. h4 Kg7 63. Kf5 Bb8 64. h5 Ba7 65. h6+ Kxh6
66. Kxf6 Kh7 67. Ke7 Kg7 68. Kd7 Bb8 69. b5 Kf6 70. c5 Ke5 71. Bb3 Kd4 72. Kc6
Ba7 73. b6 cxb6 74. cxb6 Bb8 75. a6 Ke5 76. a7 Bxa7 77. bxa7 Kd4 78. a8=Q Ke4
79. Qd8 Ke5 80. Qd5+ Kf6 81. Qe4 Kg5 82. Qf3 Kg6 83. Kd6 Kg5 84. Ke5 Kg6 85.
Qf5+ Kg7 86. Qf7+ Kh8 87. Qg8# {ZylbersztejnDo est échec et mat} 1-0

[Event "Tournament 14459 - Europe Echecs"]
[Site "Europe Echecs"]
[Date "2020.07.07"]
[Round "3"]
[Time "15:11:54"]
[PlyCount "163"]
[White "NouvianArthur"]
[Black "TurcuDavid"]
[WhiteElo "1199"]
[BlackElo "1056"]
[Mode "WEB"]
[Result "0-1"]

1. e4 e5 2. Nf3 Nc6 3. Bc4 Bc5 4. d3 h6 5. Nc3 d6 6. h3 Be6 7. Bxe6 fxe6 8. O-O
Nf6 9. b3 Ne7 10. Bb2 c6 11. Re1 O-O 12. Qd2 Qb6 13. Re2 Ng6 14. Na4 Qb5 15. Nc3
Qb6 16. Na4 Qb5 17. Nxc5 Qxc5 18. b4 Qb6 19. d4 Nf4 20. Ree1 Ng6 21. dxe5 dxe5
22. Bxe5 Nxe5 23. Nxe5 Rad8 24. Qc3 Qd4 25. Qxd4 Rxd4 26. Nf3 Rxb4 27. a3 Rb2
28. c4 Rc2 29. Ne5 Rd8 30. f3 Nd7 31. Nxd7 Rxd7 32. Rab1 b6 33. Red1 Rxd1+ 34.
Rxd1 Rxc4 35. Rd6 e5 36. Re6 Rc5 37. Re7 a5 38. Kf2 Kf8 39. Rb7 b5 40. Rb8+ Kf7
41. Rb7+ Kg6 42. g4 Rc2+ 43. Kg3 Ra2 44. Rb6 Rc2 45. Ra6 a4 46. h4 Kh7 47. h5
Rc3 48. Kg2 c5 49. Ra5 Rb3 50. Kf2 c4 51. Ke1 Rb1+ 52. Kd2 Rb3 53. Kc2 Rxf3 54.
Rxb5 Rxa3 55. Rxe5 Rg3 56. Rc5 Rxg4 57. Rxc4 a3 58. Kb1 Rg2 59. Ra4 Rg3 60. Ka2
Re3 61. Rd4 Kg8 62. Rd8+ Kf7 63. Rd7+ Ke8 64. Rxg7 Rxe4 65. Kxa3 Rh4 66. Rg5
hxg5 67. h6 Rxh6 68. Kb2 Rg6 69. Kc1 g4 70. Kd1 g3 71. Ke1 g2 72. Kf2 g1=Q+ 73.
Kf3 Rf6+ 74. Ke2 Qg2+ 75. Ke3 Qb2 76. Kd3 Re6 77. Kc4 Qd2 78. Kb3 Rc6 79. Ka3
Qa5+ 80. Kb2 Qb5+ 81. Ka3 Ra6# {NouvianArthur est échec et mat} 0-1

[Event "Tournament 14459 - Europe Echecs"]
[Site "Europe Echecs"]
[Date "2020.07.07"]
[Round "3"]
[Time "15:11:54"]
[PlyCount "133"]
[White "RodionovVadim"]
[Black "TureshbayevAno"]
[WhiteElo "1134"]
[BlackElo "799"]
[Mode "WEB"]
[Result "0-1"]

1. d4 Nf6 2. c4 e5 3. dxe5 Ng4 4. Nf3 Nc6 5. e4 Ncxe5 6. Nxe5 Nxe5 7. Qh5 Ng6 8.
Nc3 Be7 9. Be2 O-O 10. Be3 Bb4 11. Rc1 Re8 12. f3 d6 13. O-O Be6 14. Rfd1 Ne5
15. Nd5 Bxd5 16. cxd5 Ba5 17. Kh1 Qf6 18. Bd4 Qe7 19. f4 Ng6 20. f5 Qxe4 21.
fxg6 hxg6 22. Bf3 gxh5 23. Bxe4 Rxe4 24. Rxc7 Rae8 25. Rcc1 a6 26. a3 Re1+ 27.
Rxe1 Rxe1+ 28. Rxe1 Bxe1 29. b4 b5 30. Kg1 Bd2 31. Bb2 Kh7 32. Kf1 g6 33. Ke2
Bg5 34. g3 Kg8 35. h4 Be7 36. Kd3 Kf8 37. Bd4 Ke8 38. Ke4 Kd7 39. Kf3 Bd8 40.
Kg2 a5 41. Kh3 axb4 42. axb4 Ke7 43. g4 hxg4+ 44. Kxg4 f5+ 45. Kh3 Kf7 46. Kg3
Bf6 47. Bxf6 Kxf6 48. Kf4 Kg7 49. Kg5 Kf7 50. h5 gxh5 51. Kxh5 Kf6 52. Kh4 Ke5
53. Kg3 Ke4 54. Kf2 Kf4 55. Ke2 Kg3 56. Ke1 Kg2 57. Ke2 f4 58. Kd3 f3 59. Ke3 f2
60. Kd2 f1=Q 61. Kc2 Kf2 62. Kd2 Qe2+ 63. Kc1 Ke3 64. Kb1 Kd3 65. Ka1 Kc3 66.
Kb1 Qb2# {RodionovVadim est échec et mat} 0-1